[Event "North Bay int"]
[Site "North Bay CAN"]
[Date "1998.08.07"]
[Round "6"]
[White "Cossette, Daniel"]
[Black "Khan, Zamir"]
[Result "1-0"]
[WhiteElo "2204"]
[BlackElo "2151"]
[PlyCount "91"]
[GameId "2160767911806677"]
[EventDate "1998.08.05"]
[EventType "swiss"]
[EventRounds "9"]
[EventCountry "CAN"]
[SourceTitle "EXT 99"]
[Source "ChessBase"]
[SourceDate "1998.11.10"]
[SourceVersion "1"]
[SourceVersionDate "1998.11.10"]
[SourceQuality "1"]

1. e4 e6 2. d4 d5 3. Nc3 Bb4 4. exd5 exd5 5. Bd3 Nc6 6. Nge2 Nge7 7. O-O Bf5 8. Bxf5 Nxf5 9. Qd3 Qd7 10. Bf4 Nfe7 11. Ng3 a6 12. Nd1 O-O-O 13. c3 Bd6 14. Bxd6 Qxd6 15. Ne3 g6 16. b4 f5 17. f4 Ng8 18. Ne2 Re8 19. Nc2 Nf6 20. Nc1 Ne4 21. Nb3 Reg8 22. a4 Nb8 23. b5 g5 24. Qh3 Rf8 25. fxg5 Nxg5 26. Qd3 f4 27. Nc5 a5 28. h4 Ne6 29. Qh3 Rf6 30. Rae1 Re8 31. Re5 b6 32. Nxe6 Rexe6 33. Rfe1 Kd7 34. c4 Ke7 35. cxd5 Rxe5 36. dxe5 Qc5+ 37. Kh1 Rg6 38. h5 Rh6 39. Qf5 Ke8 40. e6 Qe7 41. Qg4 Rf6 42. Re5 h6 43. Nd4 Qd6 44. Rf5 Qf8 45. Rxf6 Qxf6 46. Qg6+ 1-0

[Event "North Bay int"]
[Site "North Bay CAN"]
[Date "1998.08.07"]
[Round "6"]
[White "Ellis, James"]
[Black "Feldman, Steven"]
[Result "1/2-1/2"]
[WhiteElo "2271"]
[BlackElo "2325"]
[PlyCount "85"]
[GameId "2160767911806680"]
[EventDate "1998.08.05"]
[EventType "swiss"]
[EventRounds "9"]
[EventCountry "CAN"]
[SourceTitle "EXT 99"]
[Source "ChessBase"]
[SourceDate "1998.11.10"]
[SourceVersion "1"]
[SourceVersionDate "1998.11.10"]
[SourceQuality "1"]

1. e4 c5 2. Nf3 Nc6 3. d4 cxd4 4. Nxd4 e6 5. Nc3 Qc7 6. g3 a6 7. Bg2 Nf6 8. O-O Bc5 9. Bf4 Ne5 10. Na4 Ba7 11. c4 d6 12. b3 O-O 13. Rc1 Nfd7 14. Be3 Nc5 15. Nb2 Nc6 16. Nc2 Rb8 17. b4 Nd7 18. b5 Bxe3 19. Nxe3 Nce5 20. Qe2 Nc5 21. f4 Ng6 22. Nd3 Bd7 23. Nxc5 Qxc5 24. a4 Ne7 25. Kh1 Rfc8 26. Rfd1 axb5 27. axb5 Be8 28. Qd2 b6 29. Ng4 h5 30. Nf2 Rd8 31. Nd3 Qc7 32. Nb4 Rbc8 33. Na6 Qd7 34. Nb4 Rc5 35. Na6 Rcc8 36. Nb4 f6 37. Qd4 Rb8 38. h4 Bf7 39. Na6 Rb7 40. Nb4 e5 41. Qf2 Rbb8 42. Kh2 Be6 43. Qf1 1/2-1/2

[Event "North Bay int"]
[Site "North Bay CAN"]
[Date "1998.08.07"]
[Round "6"]
[White "Fernandez, Daniel"]
[Black "Dutton, Warren"]
[Result "1/2-1/2"]
[WhiteElo "2145"]
[BlackElo "2025"]
[PlyCount "86"]
[GameId "2160767911806682"]
[EventDate "1998.08.05"]
[EventType "swiss"]
[EventRounds "9"]
[EventCountry "CAN"]
[SourceTitle "EXT 99"]
[Source "ChessBase"]
[SourceDate "1998.11.10"]
[SourceVersion "1"]
[SourceVersionDate "1998.11.10"]
[SourceQuality "1"]

1. d4 Nf6 2. c4 g6 3. Nc3 Bg7 4. g3 O-O 5. Bg2 d6 6. Nf3 Nbd7 7. O-O c5 8. h3 cxd4 9. Nxd4 Nc5 10. b4 Ne6 11. Nb3 Rb8 12. Be3 b6 13. Rc1 Bb7 14. Nd5 Nxd5 15. cxd5 Nc7 16. a4 Qd7 17. Qd2 Rfc8 18. b5 Ba8 19. Nd4 Bxd4 20. Qxd4 e6 21. Bh6 f5 22. dxe6 Nxe6 23. Qd2 Bxg2 24. Kxg2 d5 25. h4 d4 26. Qa2 Qf7 27. Kg1 Nc5 28. Qxf7+ Kxf7 29. Rc4 Re8 30. Bf4 Rbd8 31. a5 Rd7 32. e3 d3 33. Rd1 Re4 34. Rxe4 fxe4 35. axb6 axb6 36. f3 Ke6 37. Kf2 d2 38. Ke2 exf3+ 39. Kxf3 Nb3 40. e4 Rd4 41. Be3 Rd6 42. Ke2 Nc1+ 43. Kf3 Nb3 1/2-1/2

[Event "North Bay int"]
[Site "North Bay CAN"]
[Date "1998.08.07"]
[Round "6"]
[White "Gulati, Justin"]
[Black "Collins, Chris"]
[Result "0-1"]
[WhiteElo "2030"]
[BlackElo "2232"]
[PlyCount "68"]
[GameId "2160767911806685"]
[EventDate "1998.08.05"]
[EventType "swiss"]
[EventRounds "9"]
[EventCountry "CAN"]
[SourceTitle "EXT 99"]
[Source "ChessBase"]
[SourceDate "1998.11.10"]
[SourceVersion "1"]
[SourceVersionDate "1998.11.10"]
[SourceQuality "1"]

1. e4 e5 2. Bc4 Nf6 3. d3 Nc6 4. Nc3 Bc5 5. f4 d6 6. Nf3 O-O 7. a3 Bg4 8. f5 Nd4 9. Bg5 c6 10. h3 Bxf3 11. gxf3 b5 12. Ba2 d5 13. Kd2 b4 14. axb4 Bxb4 15. Rg1 Nb5 16. Qf1 Qd6 17. Bxf6 Qxf6 18. exd5 cxd5 19. Bxd5 Qxf5 20. Rg4 Bxc3+ 21. bxc3 Rad8 22. Bb3 h5 23. Rb4 Qg5+ 24. f4 exf4 25. Rxf4 Rd6 26. h4 Qh6 27. Raa4 Rf6 28. Rac4 Nd6 29. Ra4 Nb5 30. Rac4 Na3 31. Rce4 Nb1+ 32. Ke1 Nxc3 33. Rc4 Re8+ 34. Kd2 Ne2 0-1

[Event "North Bay int"]
[Site "North Bay CAN"]
[Date "1998.08.07"]
[Round "6"]
[White "Howarth, Anthony"]
[Black "Shapiro, Daniel"]
[Result "0-1"]
[WhiteElo "2214"]
[BlackElo "2305"]
[PlyCount "80"]
[GameId "2160767911806687"]
[EventDate "1998.08.05"]
[EventType "swiss"]
[EventRounds "9"]
[EventCountry "CAN"]
[SourceTitle "EXT 99"]
[Source "ChessBase"]
[SourceDate "1998.11.10"]
[SourceVersion "1"]
[SourceVersionDate "1998.11.10"]
[SourceQuality "1"]

1. Nf3 c5 2. g3 g6 3. c4 b6 4. Bg2 Bb7 5. O-O Bg7 6. Nc3 Nf6 7. d3 O-O 8. Bd2 e6 9. Qc1 d5 10. b3 d4 11. Na4 Nbd7 12. a3 Bc6 13. Ne1 Qc7 14. Nb2 Rfe8 15. b4 e5 16. e4 dxe3 17. fxe3 e4 18. d4 cxd4 19. exd4 Ng4 20. Bc3 b5 21. d5 Bxc3 22. Qxc3 Bxd5 23. h3 Nge5 24. c5 Nf3+ 25. Nxf3 exf3 26. Rxf3 Bxf3 27. Qxf3 Qe5 28. Rf1 Qd4+ 29. Kh2 Ne5 30. Qb3 Rad8 31. a4 a6 32. axb5 axb5 33. Rf4 Qd2 34. Kg1 Re7 35. Rf2 Qd4 36. Qc2 Qxb4 37. c6 Qd4 38. Kh2 Rc7 39. Qe2 Nxc6 40. Be4 Re7 0-1

[Event "North Bay int"]
[Site "North Bay CAN"]
[Date "1998.08.07"]
[Round "6"]
[White "Huber, Gregory"]
[Black "Larochelle, Martial"]
[Result "1-0"]
[WhiteElo "2265"]
[BlackElo "2282"]
[PlyCount "135"]
[GameId "2160767911806688"]
[EventDate "1998.08.05"]
[EventType "swiss"]
[EventRounds "9"]
[EventCountry "CAN"]
[SourceTitle "EXT 99"]
[Source "ChessBase"]
[SourceDate "1998.11.10"]
[SourceVersion "1"]
[SourceVersionDate "1998.11.10"]
[SourceQuality "1"]

1. e4 c5 2. Nc3 Nc6 3. Nge2 g6 4. d4 cxd4 5. Nxd4 Bg7 6. Nde2 Nf6 7. g3 O-O 8. Bg2 d6 9. O-O Rb8 10. a4 a6 11. Nd5 Nd7 12. Rb1 b5 13. axb5 axb5 14. b3 e6 15. Ne3 Qc7 16. Bb2 Bxb2 17. Rxb2 Nc5 18. Ra2 Bb7 19. Qd2 Ne5 20. f4 Ned7 21. Rd1 Nxe4 22. Bxe4 Bxe4 23. Qxd6 Qxd6 24. Rxd6 Nf6 25. Nc3 Ba8 26. b4 Rfc8 27. Rd3 Be4 28. Nxe4 Nxe4 29. Ra7 Rd8 30. Ng4 Nd6 31. Rc7 Kg7 32. Ne5 Ra8 33. Rc5 Ra1+ 34. Kg2 Rc1 35. Rc6 Nb7 36. Rc7 Nd6 37. Nxf7 Rc8 38. Rxc8 Nxc8 39. Rc3 Nb6 40. Ng5 Nd5 41. Rc5 Rxc2+ 42. Rxc2 Ne3+ 43. Kf3 Nxc2 44. Nxe6+ Kf6 45. Nc7 Nxb4 46. Nxb5 g5 47. Nd6 gxf4 48. gxf4 Nd3 49. Ne4+ Kf5 50. Ng3+ Kf6 51. Kg4 Nf2+ 52. Kh5 Nh3 53. f5 Ng5 54. Kg4 Nf7 55. Kf4 Nd8 56. Ne4+ Kf7 57. Kg5 Kg7 58. f6+ Kf7 59. Kf5 Nc6 60. Ng5+ Kg8 61. Ke6 h6 62. Nf3 Kf8 63. Kf5 Nb4 64. Kg6 Nd5 65. Ne5 Nf4+ 66. Kxh6 Nh3 67. Kg6 Nf4+ 68. Kf5 1-0

[Event "North Bay int"]
[Site "North Bay CAN"]
[Date "1998.08.07"]
[Round "6"]
[White "Hummel, Patrick"]
[Black "Goldenberg, Danny"]
[Result "1-0"]
[WhiteElo "2240"]
[BlackElo "2325"]
[PlyCount "75"]
[GameId "2160767911806689"]
[EventDate "1998.08.05"]
[EventType "swiss"]
[EventRounds "9"]
[EventCountry "CAN"]
[SourceTitle "EXT 99"]
[Source "ChessBase"]
[SourceDate "1998.11.10"]
[SourceVersion "1"]
[SourceVersionDate "1998.11.10"]
[SourceQuality "1"]

1. d4 Nf6 2. c4 c5 3. d5 b5 4. Bg5 Qa5+ 5. Nd2 Ne4 6. b4 Qxb4 7. Rb1 Qc3 8. Rb3 Qe5 9. Ngf3 Qf5 10. Qb1 Nd6 11. e4 Qg6 12. Bd3 e5 13. dxe6 Qxe6 14. O-O b4 15. e5 Nb7 16. Re1 Qb6 17. Ne4 Nd8 18. Bxd8 Qxd8 19. Nd6+ Bxd6 20. exd6+ Kf8 21. Be4 Nc6 22. Rbe3 Bb7 23. Bd5 Qf6 24. Re7 Nxe7 25. dxe7+ Ke8 26. Bxb7 Rb8 27. Bd5 Rb6 28. Qe4 g6 29. Bxf7+ Kxf7 30. e8=Q+ Rxe8 31. Qxe8+ Kg7 32. Qxd7+ Kh6 33. Ne5 Qf5 34. Ng4+ Kg5 35. Re5 Kxg4 36. Rxf5 gxf5 37. Qxa7 Re6 38. h3+ 1-0

[Event "North Bay int"]
[Site "North Bay CAN"]
[Date "1998.08.07"]
[Round "6"]
[White "Johnstone, Glenn"]
[Black "Friedman, Josef"]
[Result "1/2-1/2"]
[WhiteElo "2265"]
[BlackElo "2195"]
[PlyCount "58"]
[GameId "2160767911806691"]
[EventDate "1998.08.05"]
[EventType "swiss"]
[EventRounds "9"]
[EventCountry "CAN"]
[SourceTitle "EXT 99"]
[Source "ChessBase"]
[SourceDate "1998.11.10"]
[SourceVersion "1"]
[SourceVersionDate "1998.11.10"]
[SourceQuality "1"]

1. e4 e6 2. d4 d5 3. Nd2 Nf6 4. e5 Nfd7 5. Bd3 c5 6. c3 Nc6 7. Ne2 cxd4 8. cxd4 f6 9. exf6 Nxf6 10. O-O Bd6 11. Nf3 Qc7 12. a3 O-O 13. Ng3 e5 14. dxe5 Nxe5 15. Be2 Bd7 16. Be3 Rae8 17. Rc1 Qb8 18. Bc5 Bxc5 19. Rxc5 Kh8 20. Rc1 Bg4 21. Nxe5 Bxe2 22. Qxe2 Rxe5 23. Qd2 Rfe8 24. Qd4 b6 25. h3 Qd6 26. Rfd1 h6 27. Qd3 Ne4 28. Nxe4 Rxe4 29. g3 Re2 1/2-1/2

[Event "North Bay int"]
[Site "North Bay CAN"]
[Date "1998.08.07"]
[Round "6"]
[White "Khassanov, Marat"]
[Black "Betaneli, Alexander"]
[Result "1-0"]
[WhiteElo "2320"]
[BlackElo "2340"]
[PlyCount "69"]
[GameId "2160767911806692"]
[EventDate "1998.08.05"]
[EventType "swiss"]
[EventRounds "9"]
[EventCountry "CAN"]
[SourceTitle "EXT 99"]
[Source "ChessBase"]
[SourceDate "1998.11.10"]
[SourceVersion "1"]
[SourceVersionDate "1998.11.10"]
[SourceQuality "1"]

1. c4 Nf6 2. Nc3 e6 3. Nf3 Bb4 4. Qc2 b6 5. a3 Be7 6. e4 d6 7. d4 c5 8. e5 Nfd7 9. exd6 Bxd6 10. Qe4 cxd4 11. Nb5 Nc5 12. Qxd4 Bf8 13. Qxd8+ Kxd8 14. Ne5 a6 15. Nxf7+ Ke7 16. Nbd6 Ne4 17. Nxc8+ Kxf7 18. Nxb6 Ra7 19. Be3 Bc5 20. Bxc5 Nxc5 21. b4 Ncd7 22. Nxd7 Rxd7 23. c5 Rhd8 24. Be2 Rd2 25. Bf3 Rb2 26. O-O Ke7 27. Rfd1 Rxd1+ 28. Rxd1 Rc2 29. Rd6 Ra2 30. Rb6 Nd7 31. Rb7 Kd8 32. Bg4 a5 33. c6 Ne5 34. c7+ Kc8 35. Bxe6+ 1-0

[Event "North Bay int"]
[Site "North Bay CAN"]
[Date "1998.08.07"]
[Round "6"]
[White "Milicevic, Goran"]
[Black "Olszewski, Piotr"]
[Result "0-1"]
[WhiteElo "2370"]
[BlackElo "2315"]
[PlyCount "114"]
[GameId "2160767911806693"]
[EventDate "1998.08.05"]
[EventType "swiss"]
[EventRounds "9"]
[EventCountry "CAN"]
[SourceTitle "EXT 99"]
[Source "ChessBase"]
[SourceDate "1998.11.10"]
[SourceVersion "1"]
[SourceVersionDate "1998.11.10"]
[SourceQuality "1"]

1. d4 Nf6 2. Nf3 c5 3. d5 e6 4. c4 exd5 5. cxd5 Bd6 6. g3 O-O 7. Bg2 Bc7 8. O-O d6 9. Nc3 a6 10. a4 Nbd7 11. h3 Rb8 12. Qd3 Re8 13. Bf4 Nf8 14. Rfe1 Ng6 15. Bg5 h6 16. Bd2 Bd7 17. e4 Ba5 18. Nd1 Bxd2 19. Nxd2 b5 20. b3 h5 21. h4 Qb6 22. Ne3 Ne5 23. Qc2 Nfg4 24. a5 Qa7 25. Ndf1 c4 26. f3 Nxe3 27. Nxe3 f5 28. Kh2 fxe4 29. fxe4 Rf8 30. bxc4 bxc4 31. Ra3 Nd3 32. Re2 Rb2 33. Qxb2 Nxb2 34. Rxb2 Qc5 35. Rc3 Qxa5 36. Rxc4 Qa3 37. Rb7 Qxe3 38. Rxd7 Rf6 39. Rdc7 Rf2 40. Rc8+ Kf7 41. R4c7+ Kg6 42. Rc2 Rxc2 43. Rxc2 Kf6 44. Rc6 Qa3 45. Rc8 a5 46. Re8 a4 47. Re6+ Kf7 48. e5 dxe5 49. Be4 g6 50. Ra6 Qb2+ 51. Kh3 a3 52. Ra7+ Kf6 53. Ra6+ Ke7 54. Ra7+ Kd6 55. Ra6+ Kc7 56. d6+ Kd7 57. Bxg6 Qb7 0-1

[Event "North Bay int"]
[Site "North Bay CAN"]
[Date "1998.08.07"]
[Round "6"]
[White "Peredun, Andrew"]
[Black "Divljan, Igor"]
[Result "1-0"]
[WhiteElo "2234"]
[BlackElo "2181"]
[PlyCount "69"]
[GameId "2160767911806694"]
[EventDate "1998.08.05"]
[EventType "swiss"]
[EventRounds "9"]
[EventCountry "CAN"]
[SourceTitle "EXT 99"]
[Source "ChessBase"]
[SourceDate "1998.11.10"]
[SourceVersion "1"]
[SourceVersionDate "1998.11.10"]
[SourceQuality "1"]

1. e4 c5 2. Nf3 d6 3. d4 cxd4 4. Nxd4 Nf6 5. Nc3 Nc6 6. Bc4 Qb6 7. Nxc6 bxc6 8. O-O e6 9. Bg5 Bb7 10. Bxf6 gxf6 11. Qh5 Qc5 12. Qxc5 dxc5 13. Rad1 Rd8 14. Rxd8+ Kxd8 15. Rd1+ Kc7 16. f4 Bd6 17. g3 Rg8 18. Kf2 Rd8 19. Kf3 Bf8 20. Rxd8 Kxd8 21. Kg4 Kd7 22. Kh5 Bg7 23. g4 Ke7 24. Na4 Kd6 25. h4 Bc8 26. g5 fxg5 27. e5+ Kc7 28. hxg5 Bf8 29. Bd3 h6 30. gxh6 Kb7 31. Nxc5+ Kb6 32. h7 Bg7 33. Ne4 Bd7 34. Nd6 f6 35. Kg6 1-0

[Event "North Bay int"]
[Site "North Bay CAN"]
[Date "1998.08.07"]
[Round "6"]
[White "Rajlich, Vasik"]
[Black "Kosic, Dragan"]
[Result "0-1"]
[WhiteElo "2270"]
[BlackElo "2505"]
[PlyCount "126"]
[GameId "2160767911806695"]
[EventDate "1998.08.05"]
[EventType "swiss"]
[EventRounds "9"]
[EventCountry "CAN"]
[SourceTitle "EXT 1999"]
[Source "ChessBase"]
[SourceDate "1998.11.10"]
[SourceVersion "1"]
[SourceVersionDate "1998.11.10"]
[SourceQuality "1"]

1. e4 e6 2. d4 d5 3. e5 c5 4. c3 Qb6 5. Nf3 Bd7 6. Be2 Bb5 7. c4 dxc4 8. Nc3 Nc6 9. dxc5 Bxc5 10. Nxb5 Qxb5 11. O-O Nge7 12. Qc2 Nd4 13. Bxc4 Nxf3+ 14. gxf3 Qb6 15. Qb3 O-O 16. Qxb6 Bxb6 17. Bd2 Nc6 18. f4 Rfd8 19. Rad1 Nd4 20. Bc3 Rac8 21. Bd3 g6 22. Kg2 Kg7 23. Be4 Ne2 24. Bxb7 Rxd1 25. Rxd1 Rc4 26. Rd2 Nxc3 27. bxc3 Rxf4 28. Bf3 Rf5 29. Re2 Bc7 30. Bg4 Rf4 31. Bf3 Rc4 32. Re3 Rc5 33. Be2 Ra5 34. Bc4 Bxe5 35. Bb3 Rc5 36. c4 Bd4 37. Re2 e5 38. f3 f5 39. h3 Kf6 40. Rd2 Ke7 41. Rd3 g5 42. Rd1 h5 43. Rd3 Ra5 44. Rd2 h4 45. Kf1 Ra3 46. Rg2 a5 47. c5 a4 48. Bd1 Bxc5 49. Rxg5 Rxa2 50. Rxf5 Bd4 51. f4 Ra1 52. Ke2 Rxd1 53. Kxd1 a3 54. Rh5 a2 55. Rh7+ Ke6 56. Rh6+ Kf5 57. Ra6 a1=Q+ 58. Rxa1 Bxa1 59. fxe5 Kf4 60. e6 Bf6 61. Ke2 Kg3 62. Kf1 Kh2 63. Kf2 Be7 0-1

[Event "North Bay int"]
[Site "North Bay CAN"]
[Date "1998.08.07"]
[Round "6"]
[White "Remedios, Russell"]
[Black "Morrell, Gordon"]
[Result "0-1"]
[WhiteElo "2171"]
[BlackElo "2130"]
[PlyCount "108"]
[GameId "2160767911806696"]
[EventDate "1998.08.05"]
[EventType "swiss"]
[EventRounds "9"]
[EventCountry "CAN"]
[SourceTitle "EXT 99"]
[Source "ChessBase"]
[SourceDate "1998.11.10"]
[SourceVersion "1"]
[SourceVersionDate "1998.11.10"]
[SourceQuality "1"]

1. Nf3 g6 2. d4 Bg7 3. g3 f5 4. Bg2 Nf6 5. O-O O-O 6. c4 d6 7. Nc3 c6 8. b3 a5 9. Bb2 Na6 10. Qd2 Qe8 11. d5 Nc5 12. Nd4 Bd7 13. f3 e5 14. dxe6 Bxe6 15. e4 fxe4 16. fxe4 Bf7 17. Rae1 Ng4 18. Nde2 Qe7 19. h3 Ne5 20. Nc1 a4 21. Nd1 axb3 22. axb3 Nxb3 23. Nxb3 Nxc4 24. Qc2 Nxb2 25. Nxb2 Ra2 26. Rb1 Qe5 27. Rf2 Qxg3 28. Nc1 Bd4 29. Nxa2 Qxf2+ 30. Qxf2 Bxf2+ 31. Kh2 Bxa2 32. Rd1 Be3 33. Rd3 Bf4+ 34. Kg1 Be5 35. Nd1 b5 36. Ra3 Bc4 37. Ne3 Bd4 38. Kh2 b4 39. Nxc4 bxa3 40. Nxa3 Ra8 41. Nc4 Ra4 42. Nd2 Kg7 43. Kg3 Kf6 44. Kf3 Ra2 45. Nc4 d5 46. exd5 cxd5 47. Nd6 Rb2 48. Ne8+ Ke7 49. Nc7 Kd6 50. Na6 Kc6 51. Kg3 Be5+ 52. Kf3 Kb6 53. Bf1 Rb5 54. Bxb5 Kxb5 0-1

[Event "North Bay int"]
[Site "North Bay CAN"]
[Date "1998.08.07"]
[Round "6"]
[White "Saleh, Maher"]
[Black "Calton, Bill"]
[Result "1-0"]
[WhiteElo "2220"]
[BlackElo "2270"]
[PlyCount "51"]
[GameId "2160767911806697"]
[EventDate "1998.08.05"]
[EventType "swiss"]
[EventRounds "9"]
[EventCountry "CAN"]
[SourceTitle "EXT 1999"]
[Source "ChessBase"]
[SourceDate "1998.11.10"]
[SourceVersion "1"]
[SourceVersionDate "1998.11.10"]
[SourceQuality "1"]

1. Nf3 Nc6 2. d4 d5 3. g3 Bg4 4. Bg2 Qd7 5. c4 e6 6. Nc3 dxc4 7. O-O Bd6 8. Qa4 Bxf3 9. Bxf3 Nxd4 10. Qxd7+ Kxd7 11. Bxb7 Rb8 12. Ba6 Ne7 13. Bxc4 Nec6 14. Rd1 h5 15. b3 h4 16. Bb2 f5 17. Na4 e5 18. e3 hxg3 19. exd4 gxf2+ 20. Kxf2 Rxh2+ 21. Kg1 e4 22. Rf1 g6 23. Rf2 Rbh8 24. Rxh2 Bxh2+ 25. Kg2 f4 26. Nc5+ 1-0

[Event "North Bay int"]
[Site "North Bay CAN"]
[Date "1998.08.07"]
[Round "6"]
[White "Serper, Grigory"]
[Black "Oratovsky, Michael"]
[Result "1/2-1/2"]
[WhiteElo "2535"]
[BlackElo "2465"]
[PlyCount "48"]
[GameId "2160767911806698"]
[EventDate "1998.08.05"]
[EventType "swiss"]
[EventRounds "9"]
[EventCountry "CAN"]
[SourceTitle "EXT 99"]
[Source "ChessBase"]
[SourceDate "1998.11.10"]
[SourceVersion "1"]
[SourceVersionDate "1998.11.10"]
[SourceQuality "1"]

1. c4 e5 2. g3 Nf6 3. Bg2 d5 4. cxd5 Nxd5 5. Nc3 Nb6 6. Nf3 Nc6 7. Rb1 Bg4 8. O-O f6 9. d4 Nxd4 10. Nxd4 exd4 11. Nb5 Qd7 12. Qxd4 Qxd4 13. Nxd4 O-O-O 14. h3 Bh5 15. e3 Bf7 16. b3 c5 17. Nb5 a6 18. Nc3 Nd5 19. Nxd5 Bxd5 20. e4 Bc6 21. Be3 Re8 22. Rfc1 Bxe4 23. Bxc5 Bxc5 24. Rxc5+ Kb8 1/2-1/2

[Event "North Bay int"]
[Site "North Bay CAN"]
[Date "1998.08.07"]
[Round "6"]
[White "Southam, David"]
[Black "Halldor, P."]
[Result "1/2-1/2"]
[WhiteElo "2155"]
[BlackElo "2145"]
[PlyCount "41"]
[GameId "2160767911806699"]
[EventDate "1998.08.05"]
[EventType "swiss"]
[EventRounds "9"]
[EventCountry "CAN"]
[SourceTitle "EXT 1999"]
[Source "ChessBase"]
[SourceDate "1998.11.10"]
[SourceVersion "1"]
[SourceVersionDate "1998.11.10"]
[SourceQuality "1"]

1. d4 d5 2. c4 c6 3. Nf3 e6 4. Nbd2 Nf6 5. g3 Nbd7 6. Bg2 Be7 7. O-O O-O 8. b3 b6 9. Bb2 Bb7 10. Qc2 Rc8 11. e4 dxe4 12. Nxe4 Nxe4 13. Qxe4 Nf6 14. Qe2 c5 15. Rad1 Qc7 16. dxc5 Bxc5 17. Bxf6 gxf6 18. Nh4 Bxg2 19. Nxg2 Rfd8 20. Nf4 Qe5 21. Rfe1 1/2-1/2

[Event "North Bay int"]
[Site "North Bay CAN"]
[Date "1998.08.07"]
[Round "6"]
[White "Tyomkin, Dimitri"]
[Black "Day, Lawrence"]
[Result "1-0"]
[WhiteElo "2465"]
[BlackElo "2355"]
[PlyCount "73"]
[GameId "2160767911806702"]
[EventDate "1998.08.05"]
[EventType "swiss"]
[EventRounds "9"]
[EventCountry "CAN"]

1. d4 Nc6 2. Nf3 d5 3. g3 Bf5 4. Bg2 Nb4 5. Na3 e6 6. O-O h6 7. c4 c6 8. Bd2 Na6 9. Qa4 Bxa3 10. Qxa3 Ne7 11. Ba5 Nc7 12. cxd5 exd5 13. Nh4 Be6 14. f4 b6 15. Bd2 Qd7 16. Qd3 Nf5 17. Nf3 f6 18. g4 Ne7 19. f5 Bf7 20. Rac1 a5 21. Qb3 b5 22. Bf4 O-O 23. Ne1 a4 24. Qg3 Na6 25. Nd3 Rfe8 26. Rc2 Rac8 27. e3 c5 28. Nxc5 Qa7 29. Bd6 Nb4 30. Rcf2 Nxa2 31. h4 Qb6 32. g5 Kh8 33. gxf6 gxf6 34. Nd7 Qd8 35. Nxf6 Rg8 36. Nxg8 Nxg8 37. f6 1-0

[Event "North Bay int"]
[Site "North Bay CAN"]
[Date "1998.08.07"]
[Round "6"]
[White "Urquhart, Eddie"]
[Black "Ciaffone, Robert"]
[Result "1-0"]
[WhiteElo "2207"]
[BlackElo "2205"]
[PlyCount "141"]
[GameId "2160767911806703"]
[EventDate "1998.08.05"]
[EventType "swiss"]
[EventRounds "9"]
[EventCountry "CAN"]
[SourceTitle "EXT 99"]
[Source "ChessBase"]
[SourceDate "1998.11.10"]
[SourceVersion "1"]
[SourceVersionDate "1998.11.10"]
[SourceQuality "1"]

1. e4 c5 2. Nc3 Nc6 3. f4 g6 4. Nf3 Bg7 5. Bc4 e6 6. d3 Nge7 7. O-O O-O 8. Qe1 d5 9. Bb3 Nd4 10. Qh4 Nxb3 11. axb3 Nc6 12. Qh3 Nd4 13. Rf2 b6 14. e5 Nxf3+ 15. Rxf3 f6 16. exf6 Bxf6 17. g4 Qd7 18. Nd1 e5 19. fxe5 Qxg4+ 20. Qxg4 Bxg4 21. Rxf6 Rxf6 22. Ne3 Rf4 23. Nxd5 Rf7 24. Bg5 Be6 25. c4 Rb8 26. Bf6 Kf8 27. Kf2 Ke8 28. Ke3 Rbb7 29. Nc3 Rbd7 30. Nb5 Bf5 31. d4 cxd4+ 32. Nxd4 Rxd4 33. Kxd4 Rd7+ 34. Ke3 Kf7 35. b4 Ke6 36. Ra3 Rc7 37. c5 bxc5 38. bxc5 Rxc5 39. Ra6+ Kd5 40. Rd6+ Kc4 41. Kf4 Rd5 42. Ra6 Kb5 43. Rxa7 h5 44. Ra8 Rd4+ 45. Kg5 Re4 46. h4 Kc6 47. Rb8 Kc7 48. Rb3 Kd7 49. Kh6 Rc4 50. Kg7 Rc7 51. Rb6 Rc6 52. Rb3 Rc7 53. Rg3 Ke6+ 54. Kh6 Rb7 55. Rg2 Rb5 56. Kg5 Rb6 57. Rd2 Rb5 58. Rf2 Rb3 59. Kf4 Rd3 60. Rh2 Rb3 61. Rd2 Rd3 62. Rxd3 Bxd3 63. Ke3 Bf1 64. Kd4 Kd7 65. Kc5 Kc7 66. e6 Bh3 67. Be5+ Kd8 68. Kd6 Bf1 69. b4 Bd3 70. Bf6+ Kc8 71. Ke7 1-0

[Event "North Bay int"]
[Site "North Bay CAN"]
[Date "1998.08.07"]
[Round "6"]
[White "Wen, Jean-Francois"]
[Black "Curdo, John"]
[Result "0-1"]
[WhiteElo "2217"]
[BlackElo "2295"]
[PlyCount "62"]
[GameId "2160767911806704"]
[EventDate "1998.08.05"]
[EventType "swiss"]
[EventRounds "9"]
[EventCountry "CAN"]
[SourceTitle "EXT 99"]
[Source "ChessBase"]
[SourceDate "1998.11.10"]
[SourceVersion "1"]
[SourceVersionDate "1998.11.10"]
[SourceQuality "1"]

1. Nf3 f5 2. c4 Nf6 3. g3 d6 4. Nc3 e5 5. d3 Be7 6. Bg2 O-O 7. O-O a5 8. c5 Nc6 9. cxd6 cxd6 10. b3 d5 11. Bb2 d4 12. Nb5 Nd5 13. Nd2 Be6 14. Nc4 f4 15. e3 dxe3 16. fxe3 Nxe3 17. Nxe3 fxe3 18. Rxf8+ Bxf8 19. Qh5 g6 20. Qf3 Qb6 21. Qf6 Re8 22. Bxc6 e2+ 23. Bd4 Bc5 24. Bxe8 Bxd4+ 25. Nxd4 Qxd4+ 26. Kg2 Bd5+ 27. Kh3 Qxa1 28. Qd8 Be6+ 29. g4 Qf1+ 30. Kh4 e1=Q+ 31. Kg5 Qf4# 0-1

[Event "North Bay int"]
[Site "North Bay CAN"]
[Date "1998.08.07"]
[Round "6"]
[White "Wenaas, Eric"]
[Black "Puri, Vinny"]
[Result "0-1"]
[WhiteElo "2080"]
[BlackElo "2260"]
[PlyCount "60"]
[GameId "2160767911806705"]
[EventDate "1998.08.05"]
[EventType "swiss"]
[EventRounds "9"]
[EventCountry "CAN"]
[SourceTitle "EXT 99"]
[Source "ChessBase"]
[SourceDate "1998.11.10"]
[SourceVersion "1"]
[SourceVersionDate "1998.11.10"]
[SourceQuality "1"]

1. Nf3 Nf6 2. c4 g6 3. Nc3 Bg7 4. g3 O-O 5. Bg2 d6 6. O-O Nc6 7. Rb1 e5 8. d3 Nh5 9. b4 f5 10. b5 Ne7 11. Qb3 Kh8 12. Bg5 h6 13. Bxe7 Qxe7 14. Nd2 Nf6 15. Rfc1 h5 16. c5 Bh6 17. cxd6 cxd6 18. Rc2 h4 19. Qb4 hxg3 20. hxg3 Be6 21. Nc4 Bxc4 22. dxc4 f4 23. gxf4 Ng4 24. Ne4 Qh4 25. Rb3 Qh2+ 26. Kf1 Qxf4 27. Kg1 Qh2+ 28. Kf1 Be3 29. Qe1 Bxf2 30. Rh3+ Qxh3 0-1